|
|
|
|
| LEADER |
00000nam0a2200000 4500 |
| 001 |
30604 |
| 005 |
20231030204002.0 |
| 010 |
|
|
|a 5891181592
|
| 035 |
|
|
|a (RuTPU)RU\TPU\book\30877
|
| 035 |
|
|
|a BOOK00000049
|
| 090 |
|
|
|a 30604
|
| 100 |
|
|
|a 20011209d2000 k y0rusy50 ca
|
| 101 |
0 |
|
|a rus
|
| 102 |
|
|
|a RU
|
| 105 |
|
|
|a a z 001zy
|
| 200 |
1 |
|
|a Палеозойское рифообразование на территории России и смежных стран
|f В. Г. Кузнецов
|
| 210 |
|
|
|a Москва
|c Геос
|d 2000
|
| 215 |
|
|
|a 227 с.
|c ил.
|
| 320 |
|
|
|a Библиогр.: с. 208-223.
|
| 610 |
1 |
|
|a геология
|
| 610 |
1 |
|
|a палеозой
|
| 610 |
1 |
|
|a рифы
|
| 610 |
1 |
|
|a образование
|
| 610 |
1 |
|
|a Россия
|
| 610 |
1 |
|
|a ближнее зарубежье
|
| 610 |
1 |
|
|a полезные ископаемые
|
| 675 |
|
|
|a 551.73(470)
|v 3
|
| 700 |
|
1 |
|a Кузнецов
|b В. Г.
|g Виталий Германович
|
| 801 |
|
0 |
|a RU
|b 63413507
|c 20011209
|g PSBO
|
| 801 |
|
2 |
|a RU
|b 63413507
|c 20041020
|g PSBO
|
| 942 |
|
|
|c BK
|